<?xml version="1.0" encoding="UTF-8"?>
<collection xmlns="http://www.loc.gov/MARC21/slim">
 <record>
  <leader>05749nam a22006495i 4500</leader>
  <controlfield tag="001">978-3-642-41347-6</controlfield>
  <controlfield tag="003">DE-He213</controlfield>
  <controlfield tag="005">20210625000039.0</controlfield>
  <controlfield tag="007">cr nn 008mamaa</controlfield>
  <controlfield tag="008">131001s2013    gw |    s    |||| 0|eng d</controlfield>
  <datafield tag="020" ind1=" " ind2=" ">
   <subfield code="a">9783642413476</subfield>
   <subfield code="9">978-3-642-41347-6</subfield>
  </datafield>
  <datafield tag="024" ind1="7" ind2=" ">
   <subfield code="a">10.1007/978-3-642-41347-6</subfield>
   <subfield code="2">doi</subfield>
  </datafield>
  <datafield tag="050" ind1=" " ind2="4">
   <subfield code="a">QA76.76.A65</subfield>
  </datafield>
  <datafield tag="072" ind1=" " ind2="7">
   <subfield code="a">UNH</subfield>
   <subfield code="2">bicssc</subfield>
  </datafield>
  <datafield tag="072" ind1=" " ind2="7">
   <subfield code="a">COM032000</subfield>
   <subfield code="2">bisacsh</subfield>
  </datafield>
  <datafield tag="072" ind1=" " ind2="7">
   <subfield code="a">UNH</subfield>
   <subfield code="2">thema</subfield>
  </datafield>
  <datafield tag="072" ind1=" " ind2="7">
   <subfield code="a">UDBD</subfield>
   <subfield code="2">thema</subfield>
  </datafield>
  <datafield tag="082" ind1="0" ind2="4">
   <subfield code="a">005.7</subfield>
   <subfield code="2">23</subfield>
  </datafield>
  <datafield tag="245" ind1="1" ind2="0">
   <subfield code="a">Collaboration and Technology</subfield>
   <subfield code="h">[electronic resource] :</subfield>
   <subfield code="b">19th International Conference, CRIWG 2013, Wellington, New Zealand, October 30 - November 1, 2013, Proceedings /</subfield>
   <subfield code="c">edited by Pedro Antunes, Marco Aurélio Gerosa, Allan Sylvester, Julita Vassileva, Gert-Jan de Vreede.</subfield>
  </datafield>
  <datafield tag="250" ind1=" " ind2=" ">
   <subfield code="a">1st ed. 2013.</subfield>
  </datafield>
  <datafield tag="264" ind1=" " ind2="1">
   <subfield code="a">Berlin, Heidelberg :</subfield>
   <subfield code="b">Springer Berlin Heidelberg :</subfield>
   <subfield code="b">Imprint: Springer,</subfield>
   <subfield code="c">2013.</subfield>
  </datafield>
  <datafield tag="300" ind1=" " ind2=" ">
   <subfield code="a">XIV, 323 p. 96 illus.</subfield>
   <subfield code="b">online resource.</subfield>
  </datafield>
  <datafield tag="336" ind1=" " ind2=" ">
   <subfield code="a">text</subfield>
   <subfield code="b">txt</subfield>
   <subfield code="2">rdacontent</subfield>
  </datafield>
  <datafield tag="337" ind1=" " ind2=" ">
   <subfield code="a">computer</subfield>
   <subfield code="b">c</subfield>
   <subfield code="2">rdamedia</subfield>
  </datafield>
  <datafield tag="338" ind1=" " ind2=" ">
   <subfield code="a">online resource</subfield>
   <subfield code="b">cr</subfield>
   <subfield code="2">rdacarrier</subfield>
  </datafield>
  <datafield tag="347" ind1=" " ind2=" ">
   <subfield code="a">text file</subfield>
   <subfield code="b">PDF</subfield>
   <subfield code="2">rda</subfield>
  </datafield>
  <datafield tag="490" ind1="1" ind2=" ">
   <subfield code="a">Information Systems and Applications, incl. Internet/Web, and HCI ;</subfield>
   <subfield code="v">8224</subfield>
  </datafield>
  <datafield tag="505" ind1="0" ind2=" ">
   <subfield code="a">Social Media -- Collaboration Using Social Media: The Case of Podio in a Voluntary Organization -- Keep Querying and Tag on: Collaborative Folksonomy Using Model-Based Recommendation -- Understanding Real-World Events via Multimedia Summaries Based on Social Indicators -- Social Networks -- How Do Researchers on Collaboration Technology Collaborate with Each Other? A Social Network Analysis -- Inferring Hidden Trust Relationships in Social Networks for Encouraging Collaboration and Cooperation among Individuals -- Providing Awareness, Understanding and Control of Personalized Stream Filtering in a P2P Social Network -- Crowdsourcing -- OurMap: Representing Crowdsourced Annotations on Geospatial Coordinates as Linked Open Data -- A Theoretical Model of User Engagement in Crowdsourcing -- Factors Influencing the Decision to Crowdsource -- Data Quality in an Output-Agreement Game: A Comparison between Game-Generated Tags and Professional Descriptors -- Learning -- Analyzing Two Participation Strategies in an Undergraduate Course Community -- Work and Learning across Boundaries: Artifacts, Discourses, and Processes in a University Course -- Redesigning Collaboration Tools to Enhance Social Presence in Online Learning Environments -- The Metafora Design Principles for a Collaborative, Interoperable Learning Framework -- Integrating Formal and Informal Learning through a FLOSS-Based Innovative Approach -- Using Geo-collaboration and Microblogging to Support Learning: Identifying Problems and Opportunities for Technological Business -- Collaboration Design -- Ontology-Based Resource Discovery in Pervasive Collaborative Environments -- Identifying the Awareness Mechanisms for Mobile Collaborative Applications -- In-Vivo Therapy Procedures: Design Process of a Geo-Referenced System -- Software Development -- Extending the Dependency Taxonomy of Agile Software Development -- Building a Domain Model for Mobile Collaborative Systems: Towards a Software Product Line -- Supporting Requirements Elicitation Practices.</subfield>
  </datafield>
  <datafield tag="520" ind1=" " ind2=" ">
   <subfield code="a">This book constitutes the proceedings of the 19th Collaboration Researchers' International Working Group Conference on Collaboration and Technology, held in Wellington, New Zealand, in October/November 2013. The 18 revised papers presented together with 4 progress papers were carefully reviewed and selected from 34 submissions. They are organized into six thematic sessions as follows social media, social networks, crowdsourcing, learning, collaboration design and software development.</subfield>
  </datafield>
  <datafield tag="650" ind1=" " ind2="0">
   <subfield code="a">Application software.</subfield>
  </datafield>
  <datafield tag="650" ind1=" " ind2="0">
   <subfield code="a">Education—Data processing.</subfield>
  </datafield>
  <datafield tag="650" ind1=" " ind2="0">
   <subfield code="a">User interfaces (Computer systems).</subfield>
  </datafield>
  <datafield tag="650" ind1=" " ind2="0">
   <subfield code="a">Computers and civilization.</subfield>
  </datafield>
  <datafield tag="650" ind1=" " ind2="0">
   <subfield code="a">Information storage and retrieval.</subfield>
  </datafield>
  <datafield tag="650" ind1=" " ind2="0">
   <subfield code="a">Data mining.</subfield>
  </datafield>
  <datafield tag="650" ind1="1" ind2="4">
   <subfield code="a">Information Systems Applications (incl. Internet).</subfield>
   <subfield code="0">https://scigraph.springernature.com/ontologies/product-market-codes/I18040</subfield>
  </datafield>
  <datafield tag="650" ind1="2" ind2="4">
   <subfield code="a">Computers and Education.</subfield>
   <subfield code="0">https://scigraph.springernature.com/ontologies/product-market-codes/I24032</subfield>
  </datafield>
  <datafield tag="650" ind1="2" ind2="4">
   <subfield code="a">User Interfaces and Human Computer Interaction.</subfield>
   <subfield code="0">https://scigraph.springernature.com/ontologies/product-market-codes/I18067</subfield>
  </datafield>
  <datafield tag="650" ind1="2" ind2="4">
   <subfield code="a">Computers and Society.</subfield>
   <subfield code="0">https://scigraph.springernature.com/ontologies/product-market-codes/I24040</subfield>
  </datafield>
  <datafield tag="650" ind1="2" ind2="4">
   <subfield code="a">Information Storage and Retrieval.</subfield>
   <subfield code="0">https://scigraph.springernature.com/ontologies/product-market-codes/I18032</subfield>
  </datafield>
  <datafield tag="650" ind1="2" ind2="4">
   <subfield code="a">Data Mining and Knowledge Discovery.</subfield>
   <subfield code="0">https://scigraph.springernature.com/ontologies/product-market-codes/I18030</subfield>
  </datafield>
  <datafield tag="700" ind1="1" ind2=" ">
   <subfield code="a">Antunes, Pedro.</subfield>
   <subfield code="e">editor.</subfield>
   <subfield code="4">edt</subfield>
   <subfield code="4">http://id.loc.gov/vocabulary/relators/edt</subfield>
  </datafield>
  <datafield tag="700" ind1="1" ind2=" ">
   <subfield code="a">Gerosa, Marco Aurélio.</subfield>
   <subfield code="e">editor.</subfield>
   <subfield code="4">edt</subfield>
   <subfield code="4">http://id.loc.gov/vocabulary/relators/edt</subfield>
  </datafield>
  <datafield tag="700" ind1="1" ind2=" ">
   <subfield code="a">Sylvester, Allan.</subfield>
   <subfield code="e">editor.</subfield>
   <subfield code="4">edt</subfield>
   <subfield code="4">http://id.loc.gov/vocabulary/relators/edt</subfield>
  </datafield>
  <datafield tag="700" ind1="1" ind2=" ">
   <subfield code="a">Vassileva, Julita.</subfield>
   <subfield code="e">editor.</subfield>
   <subfield code="4">edt</subfield>
   <subfield code="4">http://id.loc.gov/vocabulary/relators/edt</subfield>
  </datafield>
  <datafield tag="700" ind1="1" ind2=" ">
   <subfield code="a">de Vreede, Gert-Jan.</subfield>
   <subfield code="e">editor.</subfield>
   <subfield code="4">edt</subfield>
   <subfield code="4">http://id.loc.gov/vocabulary/relators/edt</subfield>
  </datafield>
  <datafield tag="710" ind1="2" ind2=" ">
   <subfield code="a">SpringerLink (Online service)</subfield>
  </datafield>
  <datafield tag="773" ind1="0" ind2=" ">
   <subfield code="t">Springer Nature eBook</subfield>
  </datafield>
  <datafield tag="776" ind1="0" ind2="8">
   <subfield code="i">Printed edition:</subfield>
   <subfield code="z">9783642413483</subfield>
  </datafield>
  <datafield tag="776" ind1="0" ind2="8">
   <subfield code="i">Printed edition:</subfield>
   <subfield code="z">9783642413469</subfield>
  </datafield>
  <datafield tag="830" ind1=" " ind2="0">
   <subfield code="a">Information Systems and Applications, incl. Internet/Web, and HCI ;</subfield>
   <subfield code="v">8224</subfield>
  </datafield>
  <datafield tag="856" ind1="4" ind2="0">
   <subfield code="u">https://doi.org/10.1007/978-3-642-41347-6</subfield>
  </datafield>
  <datafield tag="912" ind1=" " ind2=" ">
   <subfield code="a">ZDB-2-SCS</subfield>
  </datafield>
  <datafield tag="912" ind1=" " ind2=" ">
   <subfield code="a">ZDB-2-SXCS</subfield>
  </datafield>
  <datafield tag="912" ind1=" " ind2=" ">
   <subfield code="a">ZDB-2-LNC</subfield>
  </datafield>
  <datafield tag="950" ind1=" " ind2=" ">
   <subfield code="a">Computer Science (SpringerNature-11645)</subfield>
  </datafield>
  <datafield tag="950" ind1=" " ind2=" ">
   <subfield code="a">Computer Science (R0) (SpringerNature-43710)</subfield>
  </datafield>
 </record>
</collection>
